Score 0/30 Timer 05:00
3 Plays Today
Question Answer % Correct
What is the largest state in the US by area?Alaska
95.8%
Which actress played Rachel in 'Friends'?Aniston (Jennifer)
86.4%
Which fruit is one of the main ingredients in guacamole?Avocado
85.6%
What does Popeye have tattooed on each of his arms?Anchor
81.4%
What was the surname of the 2nd and 6th Presidents of the U.S.A.?Adams
80.3%
What is the state capital of Georgia?Atlanta
77.6%
Who was the first murder victim in the Bible?Abel
75.1%
The A3, A4 and A5 are models of motor car produced by which manufacturer?Audi
68.9%
'19' and '21' are albums released by which singer?Adele
65.5%
What is the name of Houston's MLB baseball team?Astros
65.3%
Which author wrote 'Pride and Prejudice'?Austen (Jane)
65.2%
In the Disney film, what is the name of Aladdin's monkey partner?Abu
64.1%
In mathematics, what name is given to a section of the circumference of a circle?Arc
62%
Who is the Greek equivalent of the Roman god Mars?Ares
59.9%
Which African mammal has a name that means 'Earth Pig' in Afrikaans?Aardvark
57%
Question Answer % Correct
What is the capital city of Turkey?Ankara
54.5%
What first name was shared by writer Chekhov and composer Bruckner?Anton
52.2%
Which film won the Best Picture Oscar at the 85th Academy Awards held in February 2013?Argo
50.7%
The Bad Piggies are the enemies of which computer game characters?Angry Birds
45.9%
Jennifer Garner played Sydney Bristow in which TV series?Alias
43.4%
Which tennis star's father represented Iran at Boxing in two Olympic games?Agassi (Andre)
41.4%
Pashto is an official language of what country?Afghanistan
40.8%
What does the second 'A' stand for in the name of the space agency NASA?Administration
31.8%
Which famed industrialist/real-estate family had son John Jacob IV die on the Titanic?Astor
31.6%
What word can follow 'Globe' and 'Jerusalem' to give the name of two plants?Artichoke
30.2%
Who became the first monarch to rule over the United Kingdom in 1707?Anne
29.1%
What is the chemical that has the symbol Sb?Antimony
27.6%
In England, who would play Birmingham City in 'The Second City' derby?Aston Villa
25%
Who commanded the Greek forces during the Trojan War?Agamemnon
23.5%
Who co-founded Microsoft with Bill Gates?Allen (Paul)
17%
Remove Ads.
Support Sporcle.
Get the best of Sporcle when you Go Orange. This ad-free experience offers more features, more stats, and more fun while also helping to support Sporcle. Thank you for becoming a member.

You're not logged in!

Compare scores with friends on all Sporcle quizzes.
OR
Log In

Sporcle TV

Today on Sporcle TV


Watch our educational content, quiz creation guides, and fun videos on Sporcle TV.

Show Comments

Extras

Top Quizzes Today


Score Distribution

Paid Content

Your Account Isn't Verified!

In order to create a playlist on Sporcle, you need to verify the email address you used during registration. Go to your Sporcle Settings to finish the process.

Report this User

Report this user for behavior that violates our Community Guidelines.

Details: